000 00875nabaa22001937a 4500
999 _c6120
_d6120
003 OSt
005 20260122204303.0
008 190701b xxu||||| |||| 00| 0 spa d
040 _cPJ
100 _96886
_aMario A. Fernández Moreno.
245 1 0 _aDerecho a regularizar la situación migratoria irregular /
_bMario A. Fernández Moreno.
300 _ap. 36-45
505 _aSumario: I. La cuestión migratoria.— II. Las prerrogativas de la Administración.— III. Los derechos del administrado.— IV. Regularizar lo irregular.— V. Conclusión.
505 _t¿Te interesa el texto completo? Comunicate al correo: koha@justierradelfuego.gov.ar
650 0 _9211
_aDERECHO ADMINISTRATIVO
650 0 _94478
_aMIGRACIONES
773 0 _02842
_93251
_dBuenos Aires : AbeledoPerrot, 2012-
_oDA121
_tDerecho administrativo. Nº 147 mayo/junio 2023
_z18510590
942 _2udc
_cANA